Populaton Education For Developing Countries (Record no. 108855)

MARC details
000 -LEADER
fixed length control field 00347pam a2200133 a 4500
020 ## - INTERNATIONAL STANDARD BOOK NUMBER
Terms of availability
041 ## - LANGUAGE CODE
Language code of original
082 ## - DEWEY DECIMAL CLASSIFICATION NUMBER
Classification number 304.60000000000002
Item number SAL
100 ## - MAIN ENTRY--PERSONAL NAME
Personal name Salkar, K.R.
245 ## - TITLE STATEMENT
Title Populaton Education For Developing Countries
Medium Textual Documents
260 ## - PUBLICATION, DISTRIBUTION, ETC.
Place of publication, distribution, etc. New Delhi
Name of publisher, distributor, etc. Sterling Publishers Private Limited
300 ## - PHYSICAL DESCRIPTION
Extent 224/CB
930 ## - EQUIVALENCE OR CROSS-REFERENCE-UNIFORM TITLE HEADING [LOCAL, CANADA]
Uniform title 2022
Holdings
Withdrawn status Lost status Source of classification or shelving scheme Damaged status Not for loan Home library Current library Shelving location Date acquired Source of acquisition Cost, normal purchase price Total Checkouts Full call number Barcode Date last seen Copy number Price effective from Koha item type
    Dewey Decimal Classification     Abhijit Kadam Institute of Management & Social Science, Solapur Abhijit Kadam Institute of Management & Social Science, Solapur MSW Library 10/06/1988 World Book Centre 125.00   304.60000000000002 SAL AKS-W-00864 01/03/2023 1 01/03/2023 Book